000 00817nam a2200253 4500
003 OSt
005 20240625084304.0
006 a
008 240625b |||||||| |||| 00| 0 eng d
020 _a9781847065674
040 _aDWCL-Main lib.
_cOC
082 _aCirc. 305.231 P467 2010
110 _aPat Brodhead
245 _aPersonal, social and emotional development /
260 _aLondon :
_bContinuum International Pub. ,Group,
_cc2010.
300 _axvii,
_b137 p. : ill. ;
_c25 cm.
490 _3Supporting development in the early years foundation stage
504 _aIncludes bibliographical references & index.
650 _a1. Child development.
650 _a2. Child psychology.
650 _a3. Infants-Development.
650 _a4. Toddlers-Development.
942 _2ddc
_n0
_cBK-CIRC
_kCirc.
999 _c1347
_d1347